Culture générale française #1 - Statistiques

Statistiques générales
  • Ce quiz a été pris 29 550 fois
    29 084 depuis la dernière actualisation
  • Le résultat moyen est 7 sur 20
Statistiques - réponses
Question Réponse % Correct
Quelle pâtisserie a été inventée pour rendre hommage à une course cycliste ? Le Paris-Brest
85%
Sur quoi monte-t-on lorsque l'on est en colère ? Sur ses grands chevaux
76%
De quelle marque Bibendum est-il la mascotte ? Michelin
73%
Quelle ville est surnommée la Venise des Alpes ? Annecy
52%
Que dansent Alain Chabat et Gérard Darmon dans La Cité de la Peur ? La Carioca
50%
Sous quel nom Berthe de Laon est-elle mieux connue ? Berthe {au} {Grand} {Pied}
36%
Pour quelles formations géologiques la ville de Cassis est-elle célèbre ? Les calanques
36%
Complétez la phrase de Charles de Gaulle : "Vive le ___ libre !" Québec
36%
Qui est la sœur de Nicolas dans Bonne nuit les petits ? Pimprenelle
33%
Quel château se distingue par ses arches qui enjambent la rivière du Cher ? Chenonceau
30%
En quelle année le métro parisien est-il entré en service ? 1900
28%
Nommez l'un des deux départements où se trouve le plateau de Millevaches Corrèze / Creuse
26%
Qui a chanté "Born to Be Alive" en 1978 ? Patrick Hernandez
25%
Qui a refusé le Prix Nobel de littérature en 1964 ? Jean-Paul Sartre
24%
Quel journal a pour devise "Sans la liberté de blâmer, il n'est point d'éloge flatteur" ? Le Figaro
23%
Qui a remplacé Georges Pompidou à la présidence immédiatement après sa mort ? Alain Poher
16%
Quel est le chef-lieu de la Meuse ? Bar-le-Duc
14%
Avec qui Léon Zitrone présentait-il l'émission Intervilles ? Guy Lux
14%
Près de quelle ville l'armistice du 11 novembre 1918 a-t-elle été signée ? Compiègne
13%
Quelle héroïne de la littérature réaliste réside dans la ville fictive de Yonville ? Emma Bovary
8%
Aucun quiz correspondant
Distribution des résultats
% des personnes avec chaque résultat
Percentile par nombre de réponses
Votre historique - résultats
Vous n’avez pas pris ce quiz depuis la dernière actualisation